000 00458nam a2200193Ia 4500
005 20240823033308.0
008 240823s9999||||xx |||||||||||||| ||und||
020 _a978-81-8322-241-9
041 _aENGLISH
082 _A824.8 Q2
100 _aNorman Vincent Peale
245 4 _aThe Power of Positive Thinking
250 _a1st
260 _c2012
_bManjul Public
500 _aYES
650 _aTamil Books
_bGeneral
942 _cBK
999 _c195476
_d195476